<?xml version="1.0" encoding="UTF-8"?>
<marc:record xmlns:marc="http://www.loc.gov/MARC21/slim">
   <marc:leader>00000nam a2200000 a 4500</marc:leader>
   <marc:datafield ind1="1" ind2=" " tag="100">
      <marc:subfield code="a">Roßmann, Dirk</marc:subfield>
      <marc:subfield code="4">aut</marc:subfield>
      <marc:subfield code="e">Verfasser/-in</marc:subfield>
   </marc:datafield>
   <marc:datafield ind1="0" ind2="0" tag="245">
      <marc:subfield code="a">Tintoretto und seine Freunde</marc:subfield>
   </marc:datafield>
   <marc:datafield ind1="0" ind2="0" tag="245">
      <marc:subfield code="c">Roßmann, Dirk</marc:subfield>
   </marc:datafield>
   <marc:datafield ind1=" " ind2="1" tag="264">
      <marc:subfield code="a">Hamburg</marc:subfield>
      <marc:subfield code="b">Carlsen</marc:subfield>
      <marc:subfield code="c">2022</marc:subfield>
   </marc:datafield>
   <marc:datafield ind1="1" ind2=" " tag="520">
      <marc:subfield code="a">Angaben aus der Verlagsmeldung

Tintoretto und seine Freunde / von Dirk Rossmann

Der Tintenfisch Tintoretto kommt neu in die Bucht und lernt dort Crabby Krabbe, Mala Mandarinfisch, den Delfin Doppelklick und die Qualle Kurt kennen. Gemeinsam macht das Leben im Ozean noch mehr Spaß. Die Freunde erleben Abenteuer, helfen sich aber auch gegenseitig aus der Patsche und kämpfen gegen die Umweltverschmutzung.
In Vorlesegeschichten rund um einen Tintenfisch erzählt Dirk Rossmann den Kindern von den kleinen und großen Fragen und Herausforderungen, einfühlsam, abwechslungsreich und emotional spannend.   

Das erste Kinderbuch des engagierten Bestseller-Autors!

</marc:subfield>
   </marc:datafield>
   <marc:datafield ind1=" " ind2=" " tag="020">
      <marc:subfield code="a">9783551522160</marc:subfield>
      <marc:subfield code="9">9783551522160</marc:subfield>
   </marc:datafield>
   <marc:datafield ind1=" " ind2=" " tag="020">
      <marc:subfield code="a">3551522162</marc:subfield>
      <marc:subfield code="9">3551522162</marc:subfield>
   </marc:datafield>
   <marc:datafield ind1=" " ind2=" " tag="041">
      <marc:subfield code="a">ger</marc:subfield>
   </marc:datafield>
   <marc:datafield ind1=" " ind2=" " tag="300">
      <marc:subfield code="a">110 Seiten</marc:subfield>
   </marc:datafield>
</marc:record>
